[Event "GER-ch Net blitz qual3"]
[Site "Playchess.com INT"]
[Date "2021.05.07"]
[Round "4"]
[White "Meschke, Andreas"]
[Black "Speck, Stefan"]
[Result "0-1"]
[WhiteElo "1912"]
[BlackElo "1700"]
[PlyCount "70"]
[EventDate "2021.05.07"]
[EventType "swiss (blitz)"]
[EventRounds "11"]
[EventCountry "GER"]
[SourceTitle "CBM 202 Extra"]
[Source "ChessBase"]
[SourceDate "2021.07.31"]
[SourceVersion "1"]
[SourceVersionDate "2021.07.31"]
[SourceQuality "1"]

1. e4 e6 2. d4 d5 3. Nc3 Bb4 4. e5 c5 5. Bd2 Nc6 6. Nb5 Bxd2+ 7. Qxd2 Nge7 8. Nd6+ Kf8 9. Qf4 Nf5 10. Nxf5 exf5 11. dxc5 Qa5+ 12. c3 Qxc5 13. 0-0-0 Be6 14. Ne2 Qa5 15. a3 d4 16. Nxd4 Nxd4 17. Rxd4 h6 18. Bc4 g5 19. Qe3 Re8 20. Rhd1 Bxc4 21. Rxc4 Qxe5 22. Qxa7 Kg7 23. Rc7 Qxc7 24. Kb1 Re2 25. Rd5 Qf4 26. Qc5 Qxf2 27. Qb4 Qe1+ 28. Ka2 Rhe8 29. Qd4+ R2e5 30. Rd7 Qe4 31. Qb6 Qc4+ 32. b3 Re2+ 33. Kb1 Qe4+ 34. Ka1 Re1+ 35. Kb2 Qe2+ 0-1

[Event "GER-ch Net blitz qual2"]
[Site "Playchess.com INT"]
[Date "2021.05.04"]
[Round "2"]
[White "Tiarks, Jann Christian"]
[Black "Meschke, Andreas"]
[Result "1-0"]
[WhiteElo "2157"]
[BlackElo "1854"]
[PlyCount "55"]
[EventDate "2021.05.04"]
[EventType "swiss (blitz)"]
[EventRounds "11"]
[EventCountry "GER"]
[SourceTitle "CBM 202 Extra"]
[Source "ChessBase"]
[SourceDate "2021.07.31"]
[SourceVersion "1"]
[SourceVersionDate "2021.07.31"]
[SourceQuality "1"]

1. e4 e5 2. Nf3 Nc6 3. d4 exd4 4. Nxd4 Bc5 5. Nb3 Bb6 6. Nc3 Nge7 7. Qe2 d6 8. Be3 0-0 9. 0-0-0 Be6 10. Kb1 Ne5 11. f3 Nc4 12. Bc1 a5 13. a4 Nc6 14. Nd5 N6e5 15. h3 Bxd5 16. Rxd5 g5 17. h4 f6 18. hxg5 fxg5 19. Qe1 Qe8 20. Bxc4 Nxc4 21. Rxg5+ Kh8 22. Qc3+ Ne5 23. f4 Qe7 24. fxe5 dxe5 25. Rxe5 Qg7 26. Reh5 Qxc3 27. Rxh7+ Kg8 28. bxc3 1-0

[Event "GER-ch Net blitz qual1"]
[Site "Playchess.com INT"]
[Date "2021.04.24"]
[Round "2"]
[White "Colbow, Collin"]
[Black "Meschke, Andreas"]
[Result "0-1"]
[WhiteElo "2068"]
[BlackElo "1745"]
[PlyCount "116"]
[EventDate "2021.04.24"]
[EventType "swiss (blitz)"]
[EventRounds "11"]
[EventCountry "GER"]
[SourceTitle "CBM 202 Extra"]
[Source "ChessBase"]
[SourceDate "2021.07.31"]
[SourceVersion "1"]
[SourceVersionDate "2021.07.31"]
[SourceQuality "1"]

1. e4 e5 2. Nf3 Nc6 3. Bc4 Bc5 4. d4 Bxd4 5. Nxd4 exd4 6. 0-0 d6 7. c3 Qf6 8. Qh5 Be6 9. Bxe6 Qxe6 10. cxd4 Nxd4 11. Nc3 Nf6 12. Qd1 Nc6 13. Nb5 0-0-0 14. f3 d5 15. Qa4 a6 16. Nd4 Nxd4 17. Qxd4 dxe4 18. Qa7 Qb6+ 19. Qxb6 cxb6 20. fxe4 Rhe8 21. Bg5 Rxe4 22. Bxf6 gxf6 23. Rxf6 Re2 24. Rxf7 Rdd2 25. Rg7 Kb8 26. h4 Rxb2 27. Kh2 h5 28. Rg5 Ka7 29. a4 Rbc2 30. Kh3 Rc3+ 31. g3 Rc5 32. Rf1 Ree5 33. Rxe5 Rxe5 34. Rf4 b5 35. axb5 Rxb5 36. g4 Rb3+ 37. Kg2 hxg4 38. Rxg4 Rb6 39. h5 Rh6 40. Rh4 Kb8 41. Kf3 Kc7 42. Ke4 Kd6 43. Kf5 Ke7 44. Kg5 Rh8 45. Kg6 b5 46. Rb4 Rb8 47. h6 a5 48. Re4+ Kf8 49. h7 Rb6+ 50. Kf5 Kg7 51. Re7+ Kh8 52. Ke4 a4 53. Kd3 b4 54. Ra7 a3 55. Kc2 b3+ 56. Kb1 a2+ 57. Kb2 Rb8 58. Re7 Ra8 0-1

[Event "GER Cup Net Final-B U2000"]
[Site "Playchess.com INT"]
[Date "2020.06.06"]
[Round "2"]
[White "Meschke, Andreas"]
[Black "Lehmann, Ruben"]
[Result "0-1"]
[WhiteElo "1867"]
[BlackElo "1742"]
[PlyCount "60"]
[EventDate "2020.06.06"]
[EventType "swiss (blitz)"]
[EventRounds "13"]
[EventCountry "GER"]
[SourceTitle "CBM 197 Extra"]
[Source "ChessBase"]
[SourceDate "2020.09.30"]
[SourceVersion "1"]
[SourceVersionDate "2020.09.30"]
[SourceQuality "1"]

1. e4 c6 2. Nc3 d5 3. f4 dxe4 4. Nxe4 Nd7 5. Nf3 Ngf6 6. Nf2 e6 7. Bc4 Bd6 8. d4 Qc7 9. Nd3 b5 10. Bb3 a6 11. c3 Bb7 12. 0-0 0-0-0 13. a4 h5 14. Bc2 Nd5 15. Nfe5 Rdf8 16. Bd2 N7b6 17. axb5 cxb5 18. Bb3 h4 19. Rc1 Nc4 20. Bxc4 bxc4 21. Nf2 Nf6 22. Qe2 Bxe5 23. fxe5 Qc6 24. Nh3 Ne4 25. Bf4 g5 26. Bxg5 Nxg5 27. Nxg5 Rfg8 28. Nxf7 Rxg2+ 29. Kh1 Rxe2+ 30. Kg1 Qg2# 0-1

[Event "GER Cup Net V3 U2000"]
[Site "Playchess.com INT"]
[Date "2020.05.27"]
[Round "7"]
[White "Weber, Michael"]
[Black "Meschke, Andreas"]
[Result "0-1"]
[WhiteElo "1665"]
[BlackElo "1869"]
[PlyCount "78"]
[EventDate "2020.05.27"]
[EventType "swiss (blitz)"]
[EventRounds "9"]
[EventCountry "GER"]
[SourceTitle "EXT 2021"]
[Source "ChessBase"]
[SourceDate "2020.10.23"]
[SourceVersion "1"]
[SourceVersionDate "2020.10.23"]
[SourceQuality "1"]

1. d4 d5 2. Nf3 Nf6 3. c4 dxc4 4. Nc3 Nc6 5. e3 Na5 6. Qa4+ c6 7. Ne5 b5 8. Qc2 e6 9. Bd2 Bd6 10. Ne4 Bxe5 11. dxe5 Nd5 12. Nd6+ Ke7 13. e4 c3 14. Bg5+ f6 15. Nxc8+ Rxc8 16. exf6+ gxf6 17. exd5 fxg5 18. Qxc3 cxd5 19. Qg7+ Kd6 20. Bxb5 Rc7 21. 0-0 Rxg7 22. Rad1 Qb6 23. Bd3 Rc7 24. b3 Rc3 25. a4 Nc6 26. Bb5 Ne5 27. Rde1 a6 28. Be2 Rxb3 29. Bh5 Rf8 30. Re2 Nd3 31. Rd1 Nxf2 32. Kf1 Nxd1+ 33. Bf3 g4 34. Rxe6+ Kxe6 35. Ke2 Qe3+ 36. Kxd1 Rd3+ 37. Kc2 gxf3 38. gxf3 Qe2+ 39. Kc1 Rd1# 0-1

[Event "GER Cup Net V1 U2000"]
[Site "Playchess.com INT"]
[Date "2020.05.19"]
[Round "7"]
[White "Bashylina, Luisa"]
[Black "Meschke, Andreas"]
[Result "1-0"]
[WhiteElo "1863"]
[BlackElo "1900"]
[PlyCount "101"]
[EventDate "2020.05.19"]
[EventType "swiss (blitz)"]
[EventRounds "9"]
[EventCountry "GER"]
[SourceTitle "EXT 2021"]
[Source "ChessBase"]
[SourceDate "2020.10.23"]
[SourceVersion "1"]
[SourceVersionDate "2020.10.23"]
[SourceQuality "1"]

1. e4 e5 2. Nf3 Nc6 3. d4 exd4 4. Nxd4 Bc5 5. Be3 Qf6 6. c3 Nge7 7. Bc4 Ne5 8. Be2 d5 9. f4 Ng4 10. e5 Qh4+ 11. g3 Nxe3 12. Qa4+ Bd7 13. Qxd7+ Kxd7 14. gxh4 Bxd4 15. cxd4 Nc2+ 16. Kd2 Nxa1 17. Nc3 c6 18. Rxa1 Nf5 19. Bg4 g6 20. Na4 Ke7 21. Bxf5 gxf5 22. Nc5 b6 23. Nb7 Rhg8 24. Nd6 Rg2+ 25. Kc3 Rag8 26. Nxf5+ Ke6 27. Nh6 R8g6 28. f5+ Ke7 29. fxg6 hxg6 30. Rf1 Rxh2 31. Rxf7+ Ke6 32. Rf6+ Kd7 33. e6+ Ke8 34. Ng8 Rxh4 35. e7 Re4 36. Rf8+ Kd7 37. Ra8 g5 38. e8Q+ Rxe8 39. Nf6+ Ke7 40. Nxe8 g4 41. Nc7 g3 42. Rg8 Kd6 43. Ne8+ Ke7 44. Nc7 Kd6 45. Na6 c5 46. dxc5+ bxc5 47. Rxg3 d4+ 48. Kc4 Kc6 49. Nxc5 a5 50. Rg6+ Kc7 51. Kd5 1-0